| 000 | 00387nam a2200157Ia 4500 | ||
|---|---|---|---|
| 008 | 260407s2020 xx 000 0 und d | ||
| 041 | _aeng | ||
| 082 |
_a153.94/ANI _b12253 |
||
| 100 | _aDR. ANIRUDDHA | ||
| 245 | _aSPARADHA PARIKHSHA BHUDHIMAPAN CHACHANI | ||
| 250 | _a2ND | ||
| 260 |
_aPUNE _bK.SAGAR PUB HOUSE _c2020 |
||
| 300 | _a246p | ||
| 650 | _aGENERAL | ||
| 650 | _aGENERAL | ||
| 999 |
_c1219745 _d1219745 |
||